Estudios sobre el capital / (Record no. 60969)

MARC details
000 -LEADER
campo de control de longitud fija 01810nam a2200373 i 4500
001 - NÚMERO DE CONTROL
campo de control 60969
003 - IDENTIFICADOR DE NÚMERO DE CONTROL
campo de control ES-MaACL
005 - FECHA Y HORA DE LA ÚLTIMA TRANSACCIÓN
campo de control 20250701014722.0
007 - CAMPO FIJO DE DESCRIPCIÓN FÍSICA--INFORMACIÓN GENERAL
campo de control de longitud fija t|
008 - DATOS DE LONGITUD FIJA--INFORMACIÓN GENERAL
campo de control de longitud fija 031107s1976 sp ||||1| spa d
020 ## - NÚMERO INTERNACIONAL ESTÁNDAR DEL LIBRO
Número Internacional Estándar del Libro 84-323-0103-5
080 ## - NÚMERO DE LA CLASIFICACIÓN DECIMAL UNIVERSAL
Número de la Clasificación Decimal Universal 1 Marx, Karl
080 ## - NÚMERO DE LA CLASIFICACIÓN DECIMAL UNIVERSAL
Número de la Clasificación Decimal Universal 330.852(04)
245 00 - MENCIÓN DEL TÍTULO
Título Estudios sobre el capital /
Mención de responsabilidad, etc. Maurice Dobb, Giulio Pietranera, Nicos Poulantzas, Vittorio Rieser, Rodolfo Banfi ; [traductores, Jose Aricó, Ofelia Castillo, Juan José Real].
250 ## - MENCION DE EDICION
Mención de edición 3ª ed. en español.
260 ## - PUBLICACIÓN, DISTRIBUCIÓN, ETC.
Lugar de publicación, distribución, etc. Madrid :
Nombre del editor, distribuidor, etc. Siglo XXI de España,
Fecha de publicación, distribución, etc. 1976.
300 ## - DESCRIPCIÓN FÍSICA
Extensión XIII, 193 p. ;
Dimensiones 21 cm.
490 1# - MENCIÓN DE SERIE
Mención de serie Teoría
504 ## - NOTA DE BIBLIOGRAFÍA, ETC.
Nota de bibliografía, etc. Referencias bibliográficas.
505 8# - NOTA DE CONTENIDO CON FORMATO
Nota de contenido con formato Contiene: "El capital" de Marx y su lugar en el pensamiento económico / Maurice Dobb . La estructura lógica de "El capital" / Giulio Pietranera . Teoría e historia en la interpretación de "El capital" / Nicos Poulantzas . La "apariencia" del capitalismo en el análisis de Marx / Vittorio Rieser . Un pseudo-problema: la teoría del valor-trabajo como base de los precios de equilibrio / Rodolfo Banfi . Glosas marginales al "Tratado de economía política" de Adolph Wagner ; Síntesis de los descubrimientos de Marx en economía / Karl Marx
600 14 - PUNTO DE ACCESO ADICIONAL DE MATERIA--NOMBRE DE PERSONA
Nombre de persona Marx, Karl,
Fechas asociadas al nombre 1818-1883.
Título de la obra El capital
9 (RLIN) 78593
600 14 - PUNTO DE ACCESO ADICIONAL DE MATERIA--NOMBRE DE PERSONA
Nombre de persona Wagner, Adolph.
9 (RLIN) 115834
650 #4 - PUNTO DE ACCESO ADICIONAL DE MATERIA--TÉRMINO DE MATERIA
Término de materia o nombre geográfico como elemento de entrada Economía marxista.
9 (RLIN) 12033
700 1# - ENTRADA AGREGADA--NOMBRE PERSONAL
Nombre de persona Dobb, Maurice.
9 (RLIN) 44930
700 1# - ENTRADA AGREGADA--NOMBRE PERSONAL
Nombre de persona Poulantzas, Nicos.
9 (RLIN) 93436
700 1# - ENTRADA AGREGADA--NOMBRE PERSONAL
Nombre de persona Marx, Karl,
Fechas asociadas al nombre 1818-1883
9 (RLIN) 78590
700 1# - ENTRADA AGREGADA--NOMBRE PERSONAL
Nombre de persona Aricó, José.
9 (RLIN) 22814
700 1# - ENTRADA AGREGADA--NOMBRE PERSONAL
Nombre de persona Castillo, Ofelia.
9 (RLIN) 36710
700 1# - ENTRADA AGREGADA--NOMBRE PERSONAL
Nombre de persona Real, Juan José.
9 (RLIN) 95678
740 02 - ENTRADA AGREGADA--TÍTULO RELACIONADO/ANALÍTICO NO CONTROLADO
Título relacionado o analítico no controlado Glosas marginales al "Tratado de economía política" de Adolph Wagner.
830 1# - PUNTO DE ACCESO ADICIONAL DE SERIE-TÍTULO UNIFORME
Título uniforme Teoría
9 (RLIN) 177535
852 ## - LOCALIZACIÓN
Ubicación ES-MaACL
Número de control de estantería A-6326
Holdings
Estatus retirado Estado de pérdida Estado de daño No para préstamo Biblioteca de origen Biblioteca actual Ubicación en estantería Fecha de adquisición Fuente de adquisición Total de préstamos Signatura topográfica completa Código de barras Visto por última vez Precio de reemplazo Tipo de ítem Koha
        Biblioteca del Ateneo de Madrid Biblioteca del Ateneo de Madrid Sala Pecera Planta 1 17/01/2008     A-6326 1063937 23/02/2023 23/02/2023 Libro impreso